000 01856cam a22004694i 4500
003 PE-LiUPU
005 20250731173127.0
008 150623s1969 miu rb 000 0 eng d
020 _a0310281504
035 _a(Sirsi) i9780310281504
040 _aPE-LiUPU
_bspa
_cPE-LiUPU
_erda
049 _aPRUA
082 0 4 _a220.8
_bA3
_221
100 1 _aLockyer, Herbert,
_eautor.
245 1 0 _aAll the women of the Bible :
_bformerly published as the women of the Bible.
_n15 /
_cHerbert Lockyer.
264 1 _aGrand Rapids :
_bZondervan Publishing House,
_c[1969].
300 _a321 páginas ;
_c24 centímetros.
336 _atext
_2rdacontent
337 _aunmediated
_2rdamedia
338 _avolume
_2rdacarrier
490 0 _aThe All Series by Herbert Lockyer ;
_v15
504 _aIncluye bibliografía.
505 0 _aThe life and Lot of Bible women -- Alphabetical exposition of named Bible women -- Nameless Bible Women -- Symbolic and representative women -- The ideal woman among Bible women -- Aids for women's groups and meetings -- Biographical study of a Bible woman -- Messages for mother's day.
526 _aSEG42
526 _aSEG41
526 _aSEG40
526 _aSEG39
526 _aP94
526 _aP87
526 _aP86
526 _aP85
526 _aP77
526 _aP76
526 _aP35
650 1 4 _aMujeres en la Biblia
_xBiografías.
942 _2ddc
_cBOOK
949 _a220.8 A3 15
_wDEWEY
_c1
_i51267
_lCCODEBUL1
_mBUL
_p15.00
_r0
_sY
_tBOOK
_u2015-6-24
_xTEOLOGIA
_PP35
_0COMPRA
_o.STAFF. Colección General
994 _aC0
_bPEPRU
596 _a1
999 _a220.8 A3 15
_wDEWEY
_c32976
_i51267
_f2021-11-9
_g5
_lCCODEBUL1
_mBUL
_p15.00
_r0
_sY
_tBOOK
_u2015-6-24
_xTEOLOGIA
_PP35
_0COMPRA
_o.STAFF. Colección Teología
_d32976
980 _81
_gALBERTO SANCHEZ Responsable de Automatización